Deftones Song by Lyrics - Statistics

General Stats
  • This quiz has been taken 87 times
  • The average score is 23 of 116
Answer Stats
Hint Answer % Correct
I dressed you in her clothes So drive me, far Be Quiet and Drive (Far Away)
81%
I hate your tattoos You have weak wrists But I'll keep you Mascara
64%
Hey you, big mood
Guide me to shelter
'Cause I'm through when the two
Hits the six and it's summer
My Own Summer (Shove It)
61%
You breathed Then you stopped I breathed Then dried you off Digital Bath
45%
I took you home
Set you on the glass
I pulled off your wings
Then I laughed
Change (In the House of Flies)
44%
I can float here forever In this room, we can't touch the floor In here, we're all anemic In here, anemic and sweet, so... Knife Prty
42%
Drop these down
Then put them on me
Nice, cool seats
There to cushion your knees
Passenger
42%
Prostitute, climb back down From the floor Please don't fuck around And die like this 'Cause I love her Around the Fur
41%
You hang the anchors over my neck (Saw your end) I liked it at first, but the more you laughed The crazier I came (Saw your end) Cherry Waves
38%
We slow down
As the engines stall
Our eyes catch sync
Explode!
Rosemary
38%
We'll stop to rest on the moon And we'll make a fire I'll steal a carcass for you Then feed off the virus Rx Queen
38%
Can you explain to me now If you're still able? Well It's time I think you know the truth Hole in the Earth
36%
Pushed back the square Now that you've kneed her in the throat Well, there you go Pink Maggit
36%
I know what to say to take you
Higher, higher
No one else can take you higher
But I will try
Risk
36%
Cruising through the city
After hours with me
Fusing all our powers
Here's to all our dreams
Sextape
36%
On the day you arrived I became your device To name and soothe Entombed
34%
Calculate our embrace, hold on Come with me now Run away, outer space With me, once and for all Diamond Eyes
33%
You should know, babe
At least pretend you did know why
It's not like you were warned (The water)
So go on take a drink, really (There)
Beware
31%
So why should I try? Act like I'm a little pissed off
With all that shit that needs to stay back in the shell
Your punk ass made it up, now your fuckin' mind is gone
Should've never glorified, now you're right!
7 Words
28%
You're into depression 'Cause it matches your eyes Stop the faux to be famous Confused? You'll know when you're ripe Elite
28%
You're the same numb
When you sing "It's over"
Such a strange numb
It could bring back peace to the Earth
Minerva
28%
It's not like I care (Truly) But you're that girl (With gold teeth) Who snaps at the walls (And won't calm down) Street Carp
28%
I came to in feathers Like leaves tastes You rubbed me together With claws like we got Korea
27%
(Ha ha, ha ha, come here) Closer to the lung (Ha ha, ha ha, so I can, so I can) Shove her over the railing MX
27%
Make a pact to each other When no one's around Put the cross between me and you Who wants to fuck with us now? Needles and Pins
27%
So heartless
We march into the fumes In time, in sync
Tonight, the stage is yours
Romantic Dreams
27%
Behind the walls, smokin' cigarettes and sippin' vodka
I hop a fence to catch a cab, ain't no one can stop us
Give me a break about some other mess
What were you? Act like it's everything you got
Back to School (Mini Maggit)
25%
I'm bringing it in style myself You know it is with ease, no sweat I'm breaking in with all my friends So, are you in? Goon Squad
25%
Why do we bathe in this psyche? Remain calm in our mental We display it in our patience Locked in this stage, plotting our time my mind is a mountain
25%
I wanna watch you close
I need to see for sure
And then the tape is on
Who do you think we can show?
You've Seen the Butcher
25%
This is our time, we devour the days ahead
We've been possessed by these changing times
As we slip on through, we promised to meet again somewhere
Ohms
23%
*instrumental* U,U,D,D,L,R,L,R,A,B,Select,Start
23%
Take a bow and wave As you're carried away It was great But I'm not leaving 976-Evil
22%
(Every time... Every time) you drive me wild
It's a beautiful ride...
Wild... it's a beautiful ride..
Ride...
Beauty School
22%
"Soon, this will be all over
Well, I hope soon"
She sang
Feiticeira
22%
Switch on your game
Stop wasting all your time
'Cause surprise, it's you
Who'll face what you decide
Well, I, I think I'd have known about you
Gauze
22%
Nothing to sing about I've bared all my leaves No vision or dreams about you Came true for me Hearts/Wires
22%
How the streets they swell
While the animals make their way through the crowds
If you keep listening you can hear it for miles
God I trust everyone quicker with every faint smile
Hexagram
22%
As we sink inside of your warship Lay next to me Our theme plays And we're out of our minds i think about you all the time
22%
You wait, I wait Outside awake I cut your armies down and torn your heart Riviere
22%
Ooh, distant howling out Keeps you floating around Distant howling out Forces floating around Swerve City
22%
Lay there, stare at the ceiling
And switch back to your time
Just go ahead, now try and taste it
I know it should be ripe
Tempest
22%
Prep the surface, bound my limbs Place the chair beneath the rail On the outside, just skin and bones Show me, what's left? Ceremony
20%
This time the finger pointed right at you
Whose side are you on, whose side are you on?
I ask you what side since you pointed it out
Whose side are you on, whose side are you on?
On, on, on
Combat
20%
Dislocated at the joint Timing is everything in the bed 'Cause you'll sleep for hours to keep away Then sink the teeth and bat your eyes Dai the Flu
20%
As soon as you came in The agony, it went away I noticed what you wore To everything We spoke and more Deathblow
20%
The earth disguised away Don't blink tonight And the earth will see our eyes Don't blink tonight Kimdracula
20%
You're an old hex That just drained my will So I put this gun to my head And I smile, smile, and dive deep (L)MIRL
20%
Arise from the pools, curate your spot While staring up at God from the water Rising, getting closer to the truth Locked in step, feeling crowd locked in locked club
20%
Underneath the sheets, I find your Makeup and shoes in a bag laid open Grab my keys and some money And circle around the lake Urantia
20%
It makes you fly, yes, I'll lie
God, I'll even lick her fucking picture
In whole, drinks won't stain this birth
Birthmark
19%
All of those nights All of our dreams All of these years All of these times All of our dreams All of your cheers infinite source
19%
I can't help it, you make me so sick over and over It sits stiff, bound with no heart Fine, 'cause this is where the separation starts arising I can see it coming over your cloud Lotion
19%
I'd like to pull it into me
Intercept you in between
But I never wandered in
Inside
Mein
19%
Return to see Everything looks the same I don't know If the change made was grave 'Cause the craving remains the same Xerces
19%
Soon, I've been you Laughter sigh I'm so ashamed For you 'cause Damone
17%
We'll start again
Taste a lifestyle that never gets old
Yet here we go
Just watch how wild it gets
Genesis
17%
I know you're wondering
How the two of us, we adapt these traits
I can't teach you how we play
And you're curious how the brilliance
Controls you, wait
Headless
17%
Blows a wind It fills and quakes the houses from above Wide awake Burning out the foxes from the vines milk of the madonna
17%
Under beneath the floor, before
His face, 'cause you're no good
We could have been like one
Bitch, you feel sore
One Weak
17%
You've decided
To spend your life safe from emotion
This way, you'll never be harmed again
Or confused now
Phantom Bride
17%
Yeah, I wanna say nothing, nothing Not a fucking thing I just wanna say something Something, something Rats!Rats!Rats!
17%
And if it was mine to say I wouldn't say it And if it was mine to say I wouldn't speak Rickets
17%
Let's sail in this sea of charms Let's drown underneath the stars Let's drink with our weapons in our hands Let's sleep in this trance Rocket Skates
17%
I drove you home Then you moved away New cavity moved into My heart today Teenager
17%
Always the same old taste just new injury
Well I'll wear the claws if you'd like that
Yeah if you'd like that we can ride on a black horse
A great new wave Hesperian death horse
When Girls Telephone Boys
17%
Our low res bodies sway We watch these grains dissolve departing the body
16%
Well, I know what you're like I've read it on the walls You're too tired You choose Heaven over the Earth and me But come on, please Good Morning Beautiful
16%
No mean no, lie now, then find what you get It's so good You sit around and throw a fucking fit We are here, onto you Give me more, you fucking liar Nosebleed
16%
I bet she carves your heart When she walks onstage Her empire slowly Becomes your place Moana
14%
I'd beware, I'd beware Beware, beware I will never walk this street again The only time I feel I'm not alone I pull my heart out, wave it in the air Prayers/Triangles
14%
To be forced under
I look unto your home because
We gave our eyes but no one will
Yes, I know, because
Root
14%
The snakes come pouring out of your heart And you know that I can't deny them So I sink inside where we writhe and create That feeling that pangs my time with you The Spell of Mathematics
14%
We both erupt in colors Then carve out our names You keep me aroused I know you feel the same This Place Is Death
14%
No more gold lights For the queen Earth To keep you warm In your kingdoms Anniversary of an Uninteresting Event
13%
And you only sleep When you've lost cause Well I still believe That the cause was always me Battle-axe
13%
Pissed and confined Before me, or I And we come clean, it gets worse It's more Bored
13%
I said your name, it slipped off my tongue Pointed at the camera laughing at you (haha) Once again, you see no one cares It's how you wear it, not what it is CMND/CTRL
13%
Get straight quickly Making fools go down, bumping around me You want to see from underground 'Cause no one else wants to watch when they burn On the beats, come see, you fucking whore Engine No. 9
13%
Blank featured, vile creatures
Collapse at your ankles
Firebreather, snake eater
Relax as we hail her
Geometric Headdress
13%
Push it all down to the ground With a nova dash but they watch you Now climb up, super slide The spirit's so low, it's coming over you Headup
13%
This is your test
Come forth, confess
Extend your tongue
Speak out, go on
Leathers
13%
And we can do it, suppose it again Oh, slow it down and then we'll do it again and again And make the best of a simple thing To believe this, bound, coming through the fog Lhabia
13%
My gift to the world outside It's okay, I'm alright Now, open your empty hands Here comes the fun, here comes the end Prince
13%
Face to face Light stare My custom made Nightmares Royal
13%
Let me fill you with an update Thank you, I'm ok, now what? You imploding is the outcome Your running systems failed cut hands
11%
Everything felt good Everything was right at first When I was so curbed to know mad dog Life before I would shine down un-shy Fireal
11%
You've crossed the walls, excelled Further along through their hell For my heart, I watch you kill You always have, you always will Lucky You
11%
Crash into the forest bed Breathing deep I sink into your chest Bathing in the crystal coated Rays beyond where anyone exists ~metal dream
11%
X your heart Let the tape roll Pink Cellphone
11%
I kneel at the altar
I promised you I would stay to the end
I will hold and praise and feel your truth
Now let us drink to the gods
Pittura Infamante
11%
No one alive has taken me here Nothing I've tried will replace your caress If ever I choose to break in again Promise me now you'll follow me in, into Radiant City
11%
We could be, soon as our needs are fed You'll give in to me and the whole heartache Makes me feel alive, same typical offering And you always knew we make it all the way in Bloody Cape
9%
This town becomes a lake And it bathes our ghosts away Ascended to our necks Inside these waves ecdysis
9%
I want to be just like you
Then I'd be cool, maybe not, but
We lift our eyes, big surprise
Kiss me goodbye, whore
Lifter
9%
Let me go, like we got Yeah, we cross, but we crack You know I want to pick you up But they don't want you, burn Minus Blindfold
9%
With power I know how you are now You twist everything else around Now you're fucking with me It's a waste of my time Rapture
9%
I'll keep loving you through space Embracing our time of discovery, discovering Laying beside me holding you tightly Roaming through space, we owned it, it's divine souvenir
9%
Forty years in the winds
I've played with you
For the rest of our days
I'll remain
What Happened to You?
9%
You've shown me your charms
Revealed your name
Blow the clouds from your mouth again
Acid Hologram
8%
One it stayed correct One is strange and off time One it stayed correct One is way out of time cXz
8%
Shiny candy Glowing fruits Drop from the trees I watch the serpents writhe beneath Error
8%
At night, we assemble the hunt
For our prizes
I hooked you in this way
You should try yourself
Gore
8%
And so I sit And watch you play dumb I'd like to see you play with the odds On your plate instead Poltergeist
8%
Locked in the core of the tower, I'm patient
In no hurry to leave
Life has been lonely, it might be forever
Making hard to believe in
Pompeji
8%
Raise your eyes slowly
Place your faith into me
Your body aches to be
Draped in our delight slowly
Rubicon
8%
Blue star Shine your light down Pierce for my face To heal my veins The Boy's Republic
8%
There's nothing wrong I can choose how this will unfold And I feel like fire, but my heart is cold Open your eyes, you'll see this shit's no fun This Link is Dead
8%
I can't breathe and arrive with style
I'm still a sucker
Feeding it pills with wine, it's tricky how
Can't Even Breathe
6%
I've been scarred
Fucking repulsed by this
My only tale
Is one that I can't stand
Doomed User
6%
You're the first star You're the one who sees it all I know I'm so tired And sick Fist
6%
But that's too bad, you get stuck with all alone Look at yourself, you ain't no genius You want to find, you won't find me I'm coming home, but I Teething
6%
Keep riding on this wave
The desire sweeps your body
Oh, we're watching, now we wait
For another sweet departing
Xenon
6%
Your poison is glowing
Against the night
How can you lose?
Just show them tricks we like
Graphic Nature
5%
The more you wait The more we burn Before we break Lovers
5%
I might never see you again I hope we fix and stay special 'cause still I ain't tryin' to start a fight But now, I only, I could pull you in for a moment Crenshaw Punch/I'll Throw Rocks at You
3%
No matching quizzes found
Score Distribution
Percent of People with Each Score
Percentile by Number Answered
Your Score History
You have not taken this quiz